Al amparo de la noche: abortos clandestinos y salud mental /

সংরক্ষণ করুন:
গ্রন্থ-পঞ্জীর বিবরন
প্রধান লেখক: Maroto Vargas, Adriana
বিন্যাস: পাঠ‍্য
ট্যাগগুলো: ট্যাগ যুক্ত করুন
কোনো ট্যাগ নেই, প্রথমজন হিসাবে ট্যাগ করুন!

MARC

LEADER 00000 a a2200000 04500
001 46638
003
040
100 |a Maroto Vargas, Adriana  
245 |a Al amparo de la noche:   |b abortos clandestinos y salud mental /  |c Adriana Maroto Vargas  
773 |g volumen29, número44 ( , 2010), páginas 65-75  
999 |c 36218  |d 36218